000 00478nam a22001577a 4500
005 20251108164121.0
008 250721s1985 xx 000 0 ara d
082 1 4 _a029/محم
100 1 _aأمان، محمد محمد
245 1 0 _aخدمات المعلومات مع إشارة خاصة إلى الإحاطه الجاريه /
264 1 _aالرياض :
_bدار المريخ،
_c1985.
300 _a133ص
650 1 7 _aالتوثيق
942 _2ddc
_cBK
999 _c4052
_d4052